The Vampire Diaries Quiz - Statistics

General Stats
  • This quiz has been taken 907 times
  • The average score is 11 of 15
Answer Stats
Question Answer % Correct
In which year did the Salvatore brothers become vampires? 1864
93%
Who's death causes Elena to turn off her humanity? Jeremy
88%
Who killed Vicki? Stefan
88%
Who is Elena's first doppelganger? Amara
83%
What is the Mikaelson's mother called? Esther
83%
How old is Damon when he turns into a vampire? 24`
81%
Which country was Katherine born in? Bulgaria
80%
What is Katherine's daughter called? Nadia
79%
Which instrument do Enzo and Bonnie play? Guitar
74%
What is the name of Jenna's ex boyfriend and the town's news reporter? Logan
73%
What is the name of Liv Parker's twin? Luke
73%
How does Klaus kill Carol Lockwood? Drowns her
64%
What is Enzo's surname? St John
62%
What type of magic does Shane teach Bonnie? Expression
50%
What was the name of the girl who was first sired to Damon? Charlotte
36%
No matching quizzes found
Score Distribution
Percent of People with Each Score
Percentile by Number Answered
Your Score History
You have not taken this quiz